MARC

LEADER 00000nam0a2200000 4500
001 47232
005 20231031025839.0
010 |a 5941570694 
035 |a (RuTPU)RU\TPU\book\49332 
090 |a 47232 
100 |a 20030205d2001 m y0rusy50 ca 
101 0 |a rus 
102 |a RU 
105 |a a j 001zy 
200 1 |a Программирование. Математические основы, средства, теория  |e учебное пособие  |f С. С. Лавров 
210 |a СПб.  |c БХВ-Петербург  |d 2001 
215 |a 320 с.  |c ил. 
225 1 |a Мастер 
320 |a Библиогр.: с. 315-317 
610 1 |a информатика 
610 1 |a программирование 
610 1 |a математические основы 
610 1 |a формальная теория 
610 1 |a множества 
610 1 |a графы 
610 1 |a теория вероятностей 
610 1 |a информация 
610 1 |a вычислимость 
610 1 |a математическая логика 
610 1 |a языки программирования 
610 1 |a программы 
610 1 |a учебные пособия 
675 |a 681.3.06(07)  |v 3 
700 1 |a Лавров  |b С. С.  |g Святослав Сергеевич 
801 1 |a RU  |b 63413507  |c 20030205  |g PSBO 
801 2 |a RU  |b 63413507  |c 20150203  |g PSBO 
942 |c BK